UBT Library

Boatworks : (Record no. 978)

000 -LEADER
fixed length control field 00589nam a22001817a 4500
005 - DATE AND TIME OF LATEST TRANSACTION
control field 20150602075925.0
008 - FIXED-LENGTH DATA ELEMENTS--GENERAL INFORMATION
fixed length control field 150602b xxu||||| |||| 00| 0 eng d
020 ## - INTERNATIONAL STANDARD BOOK NUMBER
International Standard Book Number 9780071497077
041 0# - LANGUAGE CODE
Language code of text/sound track or separate title eng
080 ## - UNIVERSAL DECIMAL CLASSIFICATION NUMBER
Universal Decimal Classification number 623.92
100 ## - Rafti
Rafti Nielsen, Peter
245 ## - TITLE STATEMENT
Title Boatworks :
Statement of responsibility, etc compiled by the editors of Sail Magazine.
260 ## -
-- Camden, Me. :
-- International Marine ;
-- c2008.
300 ## -
-- ix, 246 f. :
-- me il.;
-- 29 cm.
650 #0 -
-- Si punon nje anije
700 ## -
-- Peter Nelsen
942 ## - ADDED ENTRY ELEMENTS (KOHA)
Source of classification or shelving scheme
Item type Books
Holdings
Withdrawn status Lost status Source of classification or shelving scheme Damaged status Not for loan Collection code Permanent location Current location Shelving location Date acquired Total Checkouts Full call number Date last seen Price effective from Koha item type Barcode
          Koleksioni i përgjithshem UBT - Lipjan UBT - Lipjan Koleksioni i përgjithshem 06/04/2015   623.92 NIE 06/04/2015   Books 002-018679
          Koleksioni i përgjithshem UBT - Lipjan UBT - Lipjan Koleksioni i përgjithshem 02/16/2016   623.92 NIE 02/16/2016 02/16/2016 Books 002-018684
          Koleksioni i përgjithshem UBT - Lipjan UBT - Lipjan Koleksioni i përgjithshem 02/16/2016   623.92 NIE 02/16/2016 02/16/2016 Books 002-018680
          Koleksioni i përgjithshem UBT - Lipjan UBT - Lipjan Koleksioni i përgjithshem 02/16/2016   623.92 NIE 02/16/2016 02/16/2016 Books 002-018685
          Koleksioni i përgjithshem UBT - Lipjan UBT - Lipjan Koleksioni i përgjithshem 02/16/2016   623.92 NIE 02/16/2016 02/16/2016 Books 002-018681
          Koleksioni i përgjithshem UBT - Lipjan UBT - Lipjan Koleksioni i përgjithshem 02/16/2016   623.92 NIE 02/16/2016 02/16/2016 Books 002-018686
          Koleksioni i përgjithshem UBT - Lipjan UBT - Lipjan Koleksioni i përgjithshem 02/16/2016   623.92 NIE 05/26/2017 02/16/2016 Books 002-018682
          Koleksioni i përgjithshem UBT - Lipjan UBT - Lipjan Koleksioni i përgjithshem 02/16/2016   623.92 NIE 02/16/2016 02/16/2016 Books 002-018687
          Koleksioni i përgjithshem UBT - Lipjan UBT - Lipjan Koleksioni i përgjithshem 02/16/2016   623.92 NIE 02/16/2016 02/16/2016 Books 002-018683
          Koleksioni i përgjithshem UBT - Lipjan UBT - Lipjan Koleksioni i përgjithshem 02/16/2016   623.92 NIE 02/16/2016 02/16/2016 Books 002-018688
          Koleksioni i përgjithshem UBT - Prishtine UBT - Prishtine Koleksioni i përgjithshem 06/02/2015   623.92 NIE 06/02/2015 06/02/2015 Books  
UBT Library © 2015-2024. All rights reserved University Education for Business and Technology